<The> Brexitologic of Competitiveness

Globalizácia a konkurencieschopnosť, „otvorený problém Brexitu“ na pozadí aktualizácií GCI (Global Competitiveness Index, alias GCI 4.0) a indexu globalizácie KOF.

Enregistré dans:
Détails bibliographiques
Auteur principal: Čiderová, Denisa, 1977-
Autres auteurs: Kovačević, Dubravka, Čerňák, Jozef, 1963-
Format: Chapitre de livre
Langue:anglais
Sujets:
Tags: Ajouter un tag
Pas de tags, Soyez le premier à ajouter un tag!

MARC

LEADER 00000naa a2200000 4500
001 0261554
005 20240502074148.7
041 0 |a eng 
044 |a SK 
245 1 0 |a <The> Brexitologic of Competitiveness 
520 |a Globalizácia a konkurencieschopnosť, „otvorený problém Brexitu“ na pozadí aktualizácií GCI (Global Competitiveness Index, alias GCI 4.0) a indexu globalizácie KOF. 
610 2 0 |a globalizácia 
610 2 0 |a konkurencieschopnosť 
610 2 0 |a Veľká Británia 
610 2 0 |a súťaž hospodárska 
100 1 |a Čiderová, Denisa, 1977- 
700 1 |a Kovačević, Dubravka 
700 1 |a Čerňák, Jozef, 1963-